Sulfurous vapours emitted from EPDM rubber can damage electronic instruments (Record no. 69937)

MARC details
000 -LEADER
fixed length control field 00431nam a2200157Ia 4500
100 ## - MAIN ENTRY--AUTHOR NAME
Personal name Hauser Ray L
245 #0 - TITLE STATEMENT
Title Sulfurous vapours emitted from EPDM rubber can damage electronic instruments
260 ## - PUBLICATION, DISTRIBUTION, ETC. (IMPRINT)
Name of publisher Rubber World
Year of publication 2001
300 ## - PHYSICAL DESCRIPTION
Number of Pages 24-26
650 ## - SUBJECT ADDED ENTRY--TOPICAL TERM
Topical Term EPDM rubber
650 ## - SUBJECT ADDED ENTRY--TOPICAL TERM
Topical Term Sulfurous vapors
700 ## - ADDED ENTRY--PERSONAL NAME
Personal name Quick Allen N
700 ## - ADDED ENTRY--PERSONAL NAME
Personal name Williams Arnold E
942 ## - ADDED ENTRY ELEMENTS (KOHA)
Koha item type Journals
Holdings
Withdrawn status Lost status Damaged status Not for loan Home library Current library Shelving location Date acquired Serial Enumeration / chronology Koha item type
      Journals RRII Library RRII Library Rubber chemistry 17/12/2021 Volume 224, Issue 5 Journals